000 01166nam a2200313 i 4500
001 13624
003 KOSZ 005
005 20210528104042.0
008 080318s1967 pl a f f 000 0 pol
015 _aPB 1967/9167
040 _aWA N
_cWA N
_dKOSZ 005/RW
080 _a658./2/.5
100 1 _aLisikiewicz, Jerzy
_d(1921-2011).
_eAutor
245 1 0 _aKierunki doskonalenia organizacji produkcji /
_cJerzy Lisikiewicz.
260 _aWarszawa :
_bWydawnictwo Związkowe Centralnej Rady Związków Zawodowych,
_c1967.
300 _a145, [3] stron :
_bilustracje ;
_c18 cm.
336 _aTekst
_btxt
_2rdacontent
337 _aBez urządzenia pośredniczącego
_bn
_2rdamedia
338 _aWolumin
_bnc
_2rdacarrier
380 _aKsiążki.
504 _aBibliografia na stronach 145-[146].
658 _aGospodarka, ekonomia, finanse
650 4 _aOrganizacja
650 4 _aProdukcja
650 4 _aPrzemysł
710 2 _aWydawnictwo Związkowe Centralnej Rady Związków Zawodowych
_4pbl.
856 _uhttp://koha.tu.koszalin.pl/cgi-bin/koha/opac-detail.pl?biblionumber=13624
_yKatalog online BPK
942 _2UKD
_cKS
999 _c13624
_d13624